[Event "Semi-Rapides (ch)"]
[Site "Gatineau"]
[Date "????.??.??"]
[Round "3"]
[White "BELLEMARE Régis"]
[Black "ARSENAULT Yves"]
[Result "1-0"]
[BlackElo "1498"]
[WhiteElo "1648"]

1.e4 c5 2.Nc3 e5 3.f4 Nc6 4.Nf3 d6 { last book move } 5.Bc4 Bg4 6.fxe5 Nxe5
7.Nxe5 Bxd1 ( 7...Qh4+ 8.g3 Bxd1 9.gxh4 Bh5 10.Nd3 ) 8.Bxf7+
{ Noirs abandonnent ici en raison de Re7 9.Cd5# } 1-0